[Event "Ruhrgebiet VK3 0001"]
[Site "Ruhrgebiet"]
[Date "2001.02.18"]
[Round "8"]
[White "Balke, Reiner"]
[Black "Flasskamp, Juergen"]
[Result "1/2-1/2"]
[WhiteElo "1903"]
[BlackElo "1810"]
[PlyCount "98"]
[EventDate "2000.09.17"]
[EventType "team-tourn"]
[EventRounds "9"]
[EventCountry "GER"]
[SourceTitle "EXT 2023"]
[Source "ChessBase"]
[SourceDate "2022.10.05"]
[SourceVersion "1"]
[SourceVersionDate "2022.10.05"]
[SourceQuality "1"]
[WhiteTeam "Castrop Rauxel III"]
[BlackTeam "Kirchhellen SF"]
[WhiteTeamCountry "GER"]
[BlackTeamCountry "GER"]

1. d4 Nf6 2. Nf3 g6 3. g3 Bg7 4. Bg2 0-0 5. 0-0 d6 6. Nc3 Nbd7 7. Bg5 a6 8. Qd2 Rb8 9. Bh6 b5 10. Bxg7 Kxg7 11. a3 Bb7 12. Ng5 Bxg2 13. Kxg2 c5 14. dxc5 Nxc5 15. Rad1 Qc7 16. Kg1 h6 17. Nf3 Rbc8 18. Nd5 Nxd5 19. Qxd5 Ne6 20. Nd4 Nxd4 21. Qxd4+ Kh7 22. Rd2 Qc5 23. Qe4 Qg5 24. Rfd1 Rc4 25. Qf3 Kg7 26. c3 Rfc8 27. Qb7 R4c6 28. Qa7 R8c7 29. Qd4+ Qf6 30. Qe3 Rc4 31. Rd5 R4c6 32. R1d4 Rc4 33. Rxc4 Rxc4 34. Rd2 Rc5 35. Rd4 Qg5 36. f4 Qf6 37. Qd3 g5 38. a4 Kf8 39. axb5 Rxb5 40. b4 Qf5 41. e4 Qe6 42. f5 Qe5 43. Rd5 Rxd5 44. exd5 Qe1+ 45. Kg2 Qa1 46. Kh3 h5 47. Kg2 f6 48. h3 Qb2+ 49. Kg1 Qa2 1/2-1/2

[Event "Ruhrgebiet VK3 0001"]
[Site "Ruhrgebiet"]
[Date "2000.12.10"]
[Round "4"]
[White "Heidgen, Andreas"]
[Black "Flasskamp, Juergen"]
[Result "1-0"]
[WhiteElo "1845"]
[BlackElo "1810"]
[PlyCount "135"]
[EventDate "2000.09.17"]
[EventType "team-tourn"]
[EventRounds "9"]
[EventCountry "GER"]
[SourceTitle "EXT 2023"]
[Source "ChessBase"]
[SourceDate "2022.10.05"]
[SourceVersion "1"]
[SourceVersionDate "2022.10.05"]
[SourceQuality "1"]
[WhiteTeam "Muelheim Nord III"]
[BlackTeam "Kirchhellen SF"]
[WhiteTeamCountry "GER"]
[BlackTeamCountry "GER"]

1. e4 c6 2. d4 d5 3. Nc3 dxe4 4. Nxe4 Nf6 5. Ng3 Bg4 6. f3 Bc8 7. Bc4 e6 8. Bf4 Nd5 9. Bxd5 cxd5 10. c3 Nc6 11. N1e2 Be7 12. 0-0 0-0 13. Nc1 b6 14. Re1 Ba6 15. Nd3 Bxd3 16. Qxd3 Rc8 17. Re2 g6 18. Rae1 Bf6 19. Nf1 Nb8 20. Ne3 Nd7 21. Ng4 Bg7 22. Qe3 b5 23. Nh6+ Bxh6 24. Bxh6 Re8 25. a3 a6 26. f4 Qf6 27. Qf3 Rc6 28. Qxd5 Rc7 29. Qb3 Rec8 30. Re3 Qh4 31. Bg5 Qg4 32. h3 Qf5 33. g4 Qd5 34. Qxd5 exd5 35. Re8+ Kg7 36. R8e7 Nf8 37. f5 gxf5 38. gxf5 h6 39. Bh4 Nh7 40. R1e3 Ng5 41. Bxg5 hxg5 42. R7e5 Rd7 43. Kg2 Kf6 44. Rg3 Rh8 45. Rg4 Rh5 46. Kg3 Rd8 47. h4 gxh4+ 48. Rxh4 Rxh4 49. Kxh4 Rd7 50. Kg4 Rd8 51. Kf4 Rd7 52. Re8 Rd6 53. Ra8 Ke7 54. Ra7+ Kf6 55. Rc7 Kg7 56. Ke5 Rd8 57. Ra7 Re8+ 58. Kxd5 Re2 59. Rxa6 Rxb2 60. Rb6 Rb3 61. Ke5 Rxc3 62. Rxb5 Rxa3 63. d5 Ra6 64. d6 Kf8 65. Rb8+ Kg7 66. d7 f6+ 67. Kd5 Ra5+ 68. Kc6 1-0

[Event "Ruhrgebiet VK3 0001"]
[Site "Ruhrgebiet"]
[Date "2000.10.15"]
[Round "2"]
[White "Becker, Martin Alexander"]
[Black "Flasskamp, Juergen"]
[Result "1-0"]
[WhiteElo "1952"]
[BlackElo "1810"]
[PlyCount "99"]
[EventDate "2000.09.17"]
[EventType "team-tourn"]
[EventRounds "9"]
[EventCountry "GER"]
[SourceTitle "EXT 2023"]
[Source "ChessBase"]
[SourceDate "2022.10.05"]
[SourceVersion "1"]
[SourceVersionDate "2022.10.05"]
[SourceQuality "1"]
[WhiteTeam "Bochum SG III"]
[BlackTeam "Kirchhellen SF"]
[WhiteTeamCountry "GER"]
[BlackTeamCountry "GER"]

1. e4 c6 2. d4 d5 3. e5 Bf5 4. Nc3 e6 5. g4 Bg6 6. Nge2 h6 7. h4 Be7 8. h5 Bh7 9. Bg2 Bg5 10. f4 Bh4+ 11. Kf1 Nd7 12. Be3 Be7 13. a3 Nb6 14. b3 Qd7 15. a4 a5 16. Bd2 f6 17. Ng3 fxe5 18. dxe5 Bc5 19. Nce2 Ne7 20. Bc3 Rf8 21. Bd4 Bxd4 22. Qxd4 Qc7 23. Qc3 Nd7 24. Kg1 Qb6+ 25. Kh2 c5 26. Rhf1 Rc8 27. Qd2 Qd8 28. Nc3 Rc6 29. Rae1 c4 30. Nb5 Nc8 31. Nd4 Rb6 32. f5 exf5 33. gxf5 cxb3 34. cxb3 Nc5 35. f6 Nxb3 36. Nxb3 Rxb3 37. Qxd5 Qxd5 38. Bxd5 Rb2+ 39. Kg1 gxf6 40. Rxf6 Ne7 41. Rxf8+ Kxf8 42. Rf1+ Ke8 43. Bf7+ Kd8 44. Rd1+ Kc7 45. Rd6 Rb6 46. Rf6 Rxf6 47. exf6 Nf5 48. Bg6 Nxg3 49. f7 Bxg6 50. hxg6 1-0

[Event "Ruhrgebiet VL,VK 9900 Relegation2"]
[Site "Ruhrgebiet"]
[Date "2000.??.??"]
[Round "?"]
[White "Flasskamp, Juergen"]
[Black "Bruckmann, Jochen"]
[Result "1-0"]
[WhiteElo "1815"]
[BlackElo "1859"]
[PlyCount "119"]
[EventDate "2000.??.??"]
[EventType "team-tourn"]
[EventRounds "3"]
[EventCountry "GER"]
[SourceTitle "EXT 2024"]
[Source "ChessBase"]
[SourceDate "2023.10.10"]
[SourceVersion "1"]
[SourceVersionDate "2023.10.10"]
[SourceQuality "1"]
[WhiteTeam "Kirchhellen SF"]
[BlackTeam "Ruettenscheid Rochade"]
[WhiteTeamCountry "GER"]
[BlackTeamCountry "GER"]

1. e4 c5 2. c3 Nc6 3. d4 e6 4. Nf3 d5 5. e5 Qb6 6. Bd3 Bd7 7. Bc2 cxd4 8. cxd4 Nb4 9. 0-0 Nxc2 10. Qxc2 Rc8 11. Nc3 Ne7 12. Be3 Nf5 13. Rfe1 Be7 14. Qd2 h6 15. Rac1 g5 16. h3 Nxe3 17. Rxe3 h5 18. g4 hxg4 19. hxg4 Bc6 20. Kg2 Kd7 21. Ree1 Rcg8 22. Rh1 f5 23. exf6 Bxf6 24. Rxh8 Rxh8 25. Rh1 Rxh1 26. Kxh1 Kc8 27. Kg1 Qb4 28. a3 Qe7 29. Qe3 a6 30. Ne2 Kd7 31. Ng3 Bg7 32. Ne5+ Bxe5 33. Qxe5 Qh7 34. Nh5 Qg6 35. Nf6+ Ke7 36. Nh5 Qb1+ 37. Kh2 Qxb2 38. Qxg5+ Kd7 39. Qe3 Kc7 40. Nf6 Bd7 41. g5 Qc2 42. Qg3+ Kd8 43. g6 e5 44. g7 Be6 45. g8Q+ Bxg8 46. Qxg8+ Ke7 47. Nxd5+ Kd6 48. Qd8+ Ke6 49. Qg8+ Kd6 50. Qd8+ Ke6 51. Nc7+ Kf5 52. Qd7+ Kf4 53. Nd5+ Kg5 54. Qg7+ Kh4 55. Qh6+ Kg4 56. Ne3+ Kf3 57. Nxc2 exd4 58. Nxd4+ Ke4 59. Qd6 b5 60. f4 1-0